书目信息 |
| 题名: |
认知计算与多目标优化
|
|
| 作者: | 焦李成 著 | |
| 分册: | ||
| 出版信息: | 北京 科学出版社 2017.3 |
|
| 页数: | 11,269页 | |
| 开本: | 24cm | |
| 丛书名: | ||
| 单 册: | ||
| 中图分类: | TP183 | |
| 科图分类: | ||
| 主题词: | 认知--计算技术 | |
| 电子资源: | ||
| ISBN: | 978-7-03-052161-3 | |
| 000 | 00999nam0 2200229 450 | |
| 001 | 0400004828 | |
| 005 | 20171025100541.0 | |
| 010 | @a978-7-03-052161-3@b精装@dCNY120.00 | |
| 100 | @a20170802d2017 em y0chiy50 ea | |
| 101 | 0 | @achi |
| 102 | @aCN@b110000 | |
| 105 | @ay z 000yy | |
| 106 | @ar | |
| 200 | 1 | @a认知计算与多目标优化@9ren zhi ji suan yu duo mu biao you hua@f焦李成[等]著 |
| 210 | @a北京@c科学出版社@d2017.3 | |
| 215 | @a11,269页@d24cm | |
| 330 | @a本书对近年来认知计算和多目标优化领域常见的理论及技术进行了较为全面的阐述和总结,并结合作者多年的研究成果,对相关理论及技术在应用领域的实践情况进行了展示和报告。全书从认知计算和多目标优化两个方面展开,主要内容包含以下几个方面:认知科学及其特点,多目标优化问题及其求解方法,高效免疫多目标SAR图像自动分割算法,基于智能计算的认知无线网络频谱分配与频谱决策方法。 | |
| 606 | 0 | @a认知@x计算技术 |
| 690 | @aTP183@v5 | |
| 701 | 0 | @a焦李成@9jiao li cheng@f(1959-)@4著 |
| 801 | 0 | @aCN@b91MARC@c20171025 |
| 905 | @b1039531-4@dTP183@f4@e136 | |
| 认知计算与多目标优化/焦李成[等]著.-北京:科学出版社,2017.3 |
| 11,269页;24cm |
| ISBN 978-7-03-052161-3(精装):CNY120.00 |
| 本书对近年来认知计算和多目标优化领域常见的理论及技术进行了较为全面的阐述和总结,并结合作者多年的研究成果,对相关理论及技术在应用领域的实践情况进行了展示和报告。全书从认知计算和多目标优化两个方面展开,主要内容包含以下几个方面:认知科学及其特点,多目标优化问题及其求解方法,高效免疫多目标SAR图像自动分割算法,基于智能计算的认知无线网络频谱分配与频谱决策方法。 |
| ● |
| 相关链接 |
|
|
|
|
正题名:认知计算与多目标优化
索取号:TP183/136
 
预约/预借
| 序号 | 登录号 | 条形码 | 馆藏地/架位号 | 状态 | 备注 |
| 1 | 1039531 | 210395311 | 第二样本阅览室/ [索取号:TP183/136] | 在馆 | |
| 2 | 1039532 | 210395320 | 第三借阅区/ [索取号:TP183/136] | 在馆 | |
| 3 | 1039533 | 210395339 | 第三借阅区/ [索取号:TP183/136] | 在馆 | |
| 4 | 1039534 | 210395348 | 密集书库—计算机科学学院/ [索取号:TP183/136] | 在馆 |